<?xml version="1.0" encoding="UTF-8"?>
<collection xmlns="http://www.loc.gov/MARC21/slim">
 <record>
  <leader>02818cam a2200685   4500</leader>
  <controlfield tag="001">016342550</controlfield>
  <controlfield tag="003">DE-627</controlfield>
  <controlfield tag="005">20230713151810.0</controlfield>
  <controlfield tag="007">tu</controlfield>
  <controlfield tag="008">710101s1983    xxu||||| b    00| ||eng c</controlfield>
  <datafield tag="010" ind1=" " ind2=" ">
   <subfield code="a">   83000055 </subfield>
  </datafield>
  <datafield tag="020" ind1=" " ind2=" ">
   <subfield code="a">0816183473</subfield>
   <subfield code="9">0-8161-8347-3</subfield>
  </datafield>
  <datafield tag="035" ind1=" " ind2=" ">
   <subfield code="a">(DE-627)016342550</subfield>
  </datafield>
  <datafield tag="035" ind1=" " ind2=" ">
   <subfield code="a">(DE-576)00985570X</subfield>
  </datafield>
  <datafield tag="035" ind1=" " ind2=" ">
   <subfield code="a">(DE-599)GBV016342550</subfield>
  </datafield>
  <datafield tag="035" ind1=" " ind2=" ">
   <subfield code="a">(OCoLC)9195539</subfield>
  </datafield>
  <datafield tag="035" ind1=" " ind2=" ">
   <subfield code="a">(OCoLC)251706056</subfield>
  </datafield>
  <datafield tag="035" ind1=" " ind2=" ">
   <subfield code="a">(OCoLC)09195539</subfield>
  </datafield>
  <datafield tag="035" ind1=" " ind2=" ">
   <subfield code="a">(OCoLC)891333715</subfield>
  </datafield>
  <datafield tag="035" ind1=" " ind2=" ">
   <subfield code="a">(DE-604)8001354221</subfield>
  </datafield>
  <datafield tag="040" ind1=" " ind2=" ">
   <subfield code="a">DE-627</subfield>
   <subfield code="b">ger</subfield>
   <subfield code="c">DE-627</subfield>
   <subfield code="e">rakwb</subfield>
  </datafield>
  <datafield tag="041" ind1=" " ind2=" ">
   <subfield code="a">eng</subfield>
  </datafield>
  <datafield tag="044" ind1=" " ind2=" ">
   <subfield code="c">XD-US</subfield>
  </datafield>
  <datafield tag="050" ind1=" " ind2="0">
   <subfield code="a">Z8109.678</subfield>
  </datafield>
  <datafield tag="050" ind1=" " ind2="0">
   <subfield code="a">ND653.B65</subfield>
  </datafield>
  <datafield tag="082" ind1="0" ind2=" ">
   <subfield code="a">016.7599492</subfield>
   <subfield code="q">LOC</subfield>
   <subfield code="2">19</subfield>
  </datafield>
  <datafield tag="084" ind1=" " ind2=" ">
   <subfield code="a">9,10</subfield>
   <subfield code="2">ssgn</subfield>
  </datafield>
  <datafield tag="084" ind1=" " ind2=" ">
   <subfield code="a">LI 17400</subfield>
   <subfield code="2">rvk</subfield>
   <subfield code="0">(DE-625)rvk/95627:13278</subfield>
  </datafield>
  <datafield tag="084" ind1=" " ind2=" ">
   <subfield code="a">20.31</subfield>
   <subfield code="2">bkl</subfield>
  </datafield>
  <datafield tag="100" ind1="1" ind2=" ">
   <subfield code="a">Gibson, Walter S.</subfield>
   <subfield code="d">1932-2018</subfield>
   <subfield code="0">(DE-588)12217044X</subfield>
   <subfield code="0">(DE-627)081779305</subfield>
   <subfield code="0">(DE-576)161107591</subfield>
   <subfield code="4">aut</subfield>
  </datafield>
  <datafield tag="245" ind1="1" ind2="0">
   <subfield code="a">Hieronymus Bosch</subfield>
   <subfield code="b">An annotated bibliography</subfield>
   <subfield code="c">Walter S Gibson</subfield>
  </datafield>
  <datafield tag="264" ind1=" " ind2="1">
   <subfield code="a">Boston, Mass.</subfield>
   <subfield code="b">G. K. Hall</subfield>
   <subfield code="c">1983</subfield>
  </datafield>
  <datafield tag="300" ind1=" " ind2=" ">
   <subfield code="a">XXXVI, 212 S</subfield>
   <subfield code="c">24 cm</subfield>
  </datafield>
  <datafield tag="336" ind1=" " ind2=" ">
   <subfield code="a">Text</subfield>
   <subfield code="b">txt</subfield>
   <subfield code="2">rdacontent</subfield>
  </datafield>
  <datafield tag="337" ind1=" " ind2=" ">
   <subfield code="a">ohne Hilfsmittel zu benutzen</subfield>
   <subfield code="b">n</subfield>
   <subfield code="2">rdamedia</subfield>
  </datafield>
  <datafield tag="338" ind1=" " ind2=" ">
   <subfield code="a">Band</subfield>
   <subfield code="b">nc</subfield>
   <subfield code="2">rdacarrier</subfield>
  </datafield>
  <datafield tag="490" ind1="0" ind2=" ">
   <subfield code="a">A reference publication in art history</subfield>
  </datafield>
  <datafield tag="500" ind1=" " ind2=" ">
   <subfield code="a">Includes indexes</subfield>
  </datafield>
  <datafield tag="555" ind1=" " ind2=" ">
   <subfield code="a">Indexes S.191-212</subfield>
  </datafield>
  <datafield tag="583" ind1="1" ind2=" ">
   <subfield code="a">Massenentsäuert</subfield>
   <subfield code="c">2016</subfield>
   <subfield code="k">DE-18</subfield>
   <subfield code="2">pdager</subfield>
   <subfield code="5">DE-18-308</subfield>
  </datafield>
  <datafield tag="600" ind1="1" ind2="0">
   <subfield code="a">Bosch, Hieronymus</subfield>
   <subfield code="d">-1516</subfield>
   <subfield code="x">Bibliography</subfield>
  </datafield>
  <datafield tag="650" ind1=" " ind2="4">
   <subfield code="a">Bibliographie</subfield>
  </datafield>
  <datafield tag="655" ind1=" " ind2="7">
   <subfield code="a">Bibliografie</subfield>
   <subfield code="0">(DE-588)4006432-3</subfield>
   <subfield code="0">(DE-627)104814519</subfield>
   <subfield code="0">(DE-576)208865578</subfield>
   <subfield code="2">gnd-content</subfield>
  </datafield>
  <datafield tag="689" ind1="0" ind2="0">
   <subfield code="d">p</subfield>
   <subfield code="0">(DE-588)11851380X</subfield>
   <subfield code="0">(DE-627)079316786</subfield>
   <subfield code="0">(DE-576)208872531</subfield>
   <subfield code="a">Bosch, Hieronymus</subfield>
   <subfield code="d">1450-1516</subfield>
   <subfield code="2">gnd</subfield>
  </datafield>
  <datafield tag="689" ind1="0" ind2=" ">
   <subfield code="5">(DE-627)</subfield>
  </datafield>
  <datafield tag="689" ind1="1" ind2="0">
   <subfield code="d">p</subfield>
   <subfield code="0">(DE-588)11851380X</subfield>
   <subfield code="0">(DE-627)079316786</subfield>
   <subfield code="0">(DE-576)208872531</subfield>
   <subfield code="a">Bosch, Hieronymus</subfield>
   <subfield code="d">1450-1516</subfield>
   <subfield code="2">gnd</subfield>
  </datafield>
  <datafield tag="689" ind1="1" ind2=" ">
   <subfield code="5">(DE-627)</subfield>
  </datafield>
  <datafield tag="700" ind1="1" ind2=" ">
   <subfield code="a">Bosch, Hieronymus</subfield>
   <subfield code="d">1450-1516</subfield>
   <subfield code="0">(DE-588)11851380X</subfield>
   <subfield code="0">(DE-627)079316786</subfield>
   <subfield code="0">(DE-576)208872531</subfield>
   <subfield code="4">oth</subfield>
  </datafield>
  <datafield tag="787" ind1="0" ind2="8">
   <subfield code="i">Rezensiert in</subfield>
   <subfield code="a">Bauer, Gerd</subfield>
   <subfield code="t">[Rezension von: Walter S. Gibson, Hieronymus Bosch]</subfield>
   <subfield code="d">1985</subfield>
   <subfield code="w">(DE-627)1852634294</subfield>
  </datafield>
  <datafield tag="787" ind1="0" ind2="8">
   <subfield code="i">Rezension</subfield>
   <subfield code="a">Vandenbroeck, Paul, 1953 - </subfield>
   <subfield code="t">Über neuere Bosch-Literatur</subfield>
   <subfield code="d">1986</subfield>
   <subfield code="w">(DE-627)1464612005</subfield>
   <subfield code="w">(DE-576)394612000</subfield>
  </datafield>
  <datafield tag="889" ind1=" " ind2=" ">
   <subfield code="w">(DE-627)440697581</subfield>
  </datafield>
  <datafield tag="935" ind1=" " ind2=" ">
   <subfield code="i">mdedup</subfield>
  </datafield>
  <datafield tag="935" ind1=" " ind2=" ">
   <subfield code="i">Blocktest</subfield>
  </datafield>
  <datafield tag="936" ind1="r" ind2="v">
   <subfield code="a">LI 17400</subfield>
   <subfield code="b">Werkverzeichnisse, Ausstellungskataloge. Personalbibliografien</subfield>
   <subfield code="k">Künstler-Monografien</subfield>
   <subfield code="k">Alphabetische Künstlerliste</subfield>
   <subfield code="k">Künstler B</subfield>
   <subfield code="k">Bosch, Hieronymus (bis 17410)</subfield>
   <subfield code="k">Werkverzeichnisse, Ausstellungskataloge. Personalbibliografien</subfield>
   <subfield code="0">(DE-627)1271059053</subfield>
   <subfield code="0">(DE-625)rvk/95627:13278</subfield>
   <subfield code="0">(DE-576)201059053</subfield>
  </datafield>
  <datafield tag="936" ind1="b" ind2="k">
   <subfield code="a">20.31</subfield>
   <subfield code="j">Bildende Künstler</subfield>
   <subfield code="0">(DE-627)181571080</subfield>
  </datafield>
  <datafield tag="951" ind1=" " ind2=" ">
   <subfield code="a">BO</subfield>
  </datafield>
  <datafield tag="990" ind1=" " ind2=" ">
   <subfield code="a">Bosch, Hieronymus</subfield>
  </datafield>
  <datafield tag="990" ind1=" " ind2=" ">
   <subfield code="a">Bosch, Hieronymus</subfield>
  </datafield>
  <datafield tag="991" ind1=" " ind2=" ">
   <subfield code="a">Rezensiertes Werk</subfield>
  </datafield>
  <datafield tag="999" ind1=" " ind2=" ">
   <subfield code="a">KXP-PPN016342550</subfield>
   <subfield code="e">4002786331</subfield>
  </datafield>
 </record>
</collection>
